000 00563nam a22001817a 4500
003 0
005 20240905123255.0
008 240905b xxu||||| |||| 00| 0 eng d
020 _a978-0-357-71777-6
050 _aHF 5387
_b.J54 2024
100 _aJennings, Marianne M.
245 _aBusiness ethics :
_bcase studies and selected readings /
_cMarianne M. Jennings.
250 _a10th ed.
260 _aBoston, MA :
_bCengage,
_cc2024.
300 _axxvii, 662 pp. :
_bill. ;
_c28 cm.
650 _aBusiness ethics—United States—Case studies
942 _2lcc
_cBK
999 _c366178
_d366178